000 00955aam a2200313 i 4500
001 768714001
003 CO-MdFUSB
005 20250516103803.0
007 ta
008 250515t2000 -us||||| |||| 00| 0 spa d
020 _a1-928980-17-1
040 _cCO-MdFUSB
041 0 _aspa
082 0 4 _223
_a248.2
_bE2611a
100 1 _aEdwards, Jonathan (1703-1758)
_eautor
240 _aA treatise concerning religious affections
245 1 0 _aLos afectos religiosos :
_bla válida experiencia cristiana
_c/ Jonathan Edwards ; traducido por Stan Line
264 1 _bPublicaciones Faro de Gracia,
_aUSA :
_c[2000]
264 4 _c©2000
300 _a97 páginas
336 _atexto
_btxt
_2rdacontent
337 _2rdamedia
_asin mediación
_bn
338 _2rdacarrier
_avolumen
_bnc
563 _aRústico
650 0 _aExperiencia religiosa
_9952
700 _aStan, Line,
_911499
_etraductor
942 _cBK
945 _aElías Tolentino
999 _c37752
_d37752